Presupuesto de gastos municipales de Barcelona para el año de 1821
Descripción Física:
[18] p., 1 f. plegat ; 30 cm
MARC
| LEADER | 00000nam a2200000Ia 4500 | ||
|---|---|---|---|
| 001 | 20606 | ||
| 008 | 160829s1821 xx 000 0 cat d | ||
| 080 | |a RF-7-81 | ||
| 245 | |a Presupuesto de gastos municipales de Barcelona para el año de 1821 | ||
| 260 | |a Barcelona : |b [s.n.], |c 1821 | ||
| 300 | |a [18] p., 1 f. plegat ; |c 30 cm | ||
| 590 | |a Prové de 23, exp. 5. | ||
| 590 | |a El f. plegat és l'estat de comptes de l'Ajuntament de Barcelona des del 23 de març fins el 31 de desembre de 1820 | ||
| 610 | 1 | 0 | |a Barcelona (Catalunya). |b Ajuntament |x Assignacions pressupostàries i despeses |9 55726 |
| 710 | 1 | |a Barcelona (Catalunya). |b Ajuntament |9 50981 | |
| 856 | 4 | |u https://media.diba.cat/diba/fitxers/arxiu/fulletons/bib_20606_1821_baixa.pdf |y Accés lliure | |
| 856 | 4 | |u https://media.diba.cat/diba/fitxers/arxiu/fulletons/bib_20606_1821_baixa.pdf |y Accés lliure | |
| 901 | |a Arxiu | ||
| 942 | |n 1 |2 udc | ||
| 952 | |0 0 |1 0 |4 0 |6 RF781 |7 1 |9 51320 |a Arxiu |b Arxiu |d 2016-12-01 |l 0 |o RF-7-81 |p 20606 |r 2016-12-01 00:00:00 |w 2016-12-01 |y ARXIU | ||
| 999 | |c 55164 |d 55164 | ||
| 900 | |a bib_20606_1821_baixa.pdf | ||